01318nac a22003251u 4500999001500000003000900015005001700024008004100041020003700082020001800119040004300137082002200180100005100202245012200253264004800375264001100423300004500434336002600479337002800505338002700533500002500560590001700585650006100602650006400663650004900727653002700776655001700803942002500820952014700845 c2620d2620EG-ScBUE20191214115338.0190722t2006 enka f 000 0 eng d a0618445420 (student text : pbk.) a9780618445424 aEG-ScBUEbengerdacEG-ScBUEdEG-ScBUE04a428.0078bHUN2221 aHuntley, Helen, eauthor.93596410aEssential academic vocabulary :bmastering the complete academic word list /cHelen Huntley West Virginia University. 1aBoston :bHoughton Mifflin Company,c[2006] 4cc 2006 axii, 239 pages :billustrations ;c28 cm 2rdacontentatextbtxt 2rdamediaaunmediatedbn 2rdacarrieravolumebnc aIncludes appendices. aamira yasser 7aEnglish languagevTextbooks for foreign speakers.2BUEsh 7aTest of English as a Foreign LanguagexStudy guides.2BUEsh 7aVocabularyvProblems, exercises, etc.2BUEsh bHHUUEENNcDecember2019 vReading book cBBk428.007H9262ddc 00102ddc40708BaccahaMAINbMAINc2NDd2007-02-26ePurchasel4m3o428.0078 HUNp000001584r2024-06-11 00:00:00s2014-09-11w2007-02-26yBB